1576 1210 1304 1241 1591 1104 1162 1859 1254 1213 1137 1990 1796 1310 1650 1447 1457 1706 1352 1481 1214 1921 1983 1615 1040 1373 1511 1010 1103 1353 1682 1979 1458 1901 1632 1754 1968 1222 1453 1186 1664 1671 1921 1481 1001 1778 1636 1823 1440 1905 1105 1918 1332 1022 1976 1277 1767 1815 1630 1712 1130 1315 1246 1861 1861 1758 1424 1039 1815 1540 1269 1429 1766 1724 1540 1027 1926 1437 1480 1859 1063 1307 1292 1243 1407 1896 1601 1712 1569 1762 1872 1780 1131 1970 1515 1952 1444 1065 1604 BCNSPRNW ULIB Ver.6.0+V

เปลี่ยนเป็นภาษาไทย

Change to English
 แสดงรายละเอียดบรรณานุกรม
  กลับหน้าหลัก

Brief Record : Get Marc (ISO 2709) : E-mail record : QR code < ปิดหน้าต่าง
LEADER : 00000nam 2200000uu 4500
001    13399122820
003     ULIB
008    130927s2555||||th 000 0 tha d
020    ^a9786167078304
090    นว.^bภ21พ
100 0  ^aภาคินัย
245 10 ^aพิพิธภัณฑ์ หุ่น หั่น หัว /^cภาคินัย [นามแฝง]
260    ^aกรุงเทพฯ :^bโซฟา พับลิชชิ่ง,^c2555
300    ^a304 หน้า
945    ^p225^l0^i034046
999    ^aเกษร โพธิ์สุวรรณ
รายการนี้ยังไม่มีแท็ก
คุณยังไม่ได้ล็อกอิน คุณสามารถมีกิจกรรมร่วมกับเว็บไซต์ได้ แต่ต้องล็อกอินก่อน ::
  ล็อกอิน

รายการสื่อสารสนเทศ

ลำดับที่ ประเภท เลขเรียก/บาร์โค้ด สถานที่ สถานะ
1. นวนิยาย
นวนิยาย
นว. ภ21พ ฉ.1 
  Barcode: 034046
ห้องสมุดวิทยาเขตสวรรค์ประชารักษ์
►นวนิยาย
บนชั้น
  ขอยืม

รายการใกล้เคียง
    ผู้แต่ง [ภาคินัย]

BibComment


ยังไม่เคยถูกคอมเมนท์

คอมเมนท์ทรัพยากรรายการนี้
  คอมเมนท์: พิพิธภัณฑ์ หุ่น ..


 Copyright 2026. Bcnsprnw @Library